Asutav Kogu Eesti Vabariigi ajaloos

Titel: Asutav Kogu Eesti Vabariigi ajaloos
Verfasser:
In: Õpetatud Eesti Selts: Õpetatud Eesti Seltsi aastaraamat, (1988), Seite 61-66
alle Artikel anzeigen
Veröffentlicht: 1988-1993 [1995]
Format: Aufsatz
Sprache: Estnisch
Kein Bild verfügbar
X
alg: 39287963
001A    $01999:11-11-16 
001B    $01999:27-04-21 $t20:52:02.000 
001C    $06050:19-11-16 $t09:18:45.000 
001D    $01999:11-11-16 
001U    $0utf8 
001X    $00 
002@    $0Aox 
003@    $0392879638 
007A    $0392879638 $aHEB 
007T    $0Herde06038 
010@    $aest 
011@    $a1988 $b1993 $n1988-1993 [1995] 
021A    $aAsutav Kogu Eesti Vabariigi ajaloos 
028A    $aAnt $dJüri 
031A    $h61-66 $j1988 
037A    $adt. Res. 65-66: Die Verfassungsgebende Versammlung in der Geschichte der Estnischen Republik. 1917-1920 
039B    $aIn $8--Abvc--Õpetatud Eesti Selts [Tb1]. Õpetatud Eesti Seltsi aastaraamat. - Tartu : Mattiesen, 1938-. - ISSN 1406-8486 $x198800000000000939 $9047885599 
045F    $a351.09 $eDDC23BSB 
045F/01 $a351.09 
045F/03 $g4798 
045T    $a7,53 $a9,10 

lok: 39287963 78

exp: 39287963 78 1 #EPN
201B/01 $019-04-17 $t11:39:24.000 
201U/01 $0utf8 
203@/01 $0788989901 
208@/01 $a11-11-16 $be 
209A/01 $a/ $f000 $x00 
220C/01 $aTitelaufnehmer: pk 
220C/01 $aHerkunft: Baltische Bibliographie / P. Kaegbein 
237A/01 $aweiterführende Signatur(en): HI: 47 XV BZ 3/1 
244Z/01 $2Trx $#Estija $#Igaunija $#Estland $#Estonia $#Estonia $#Estónsko $#Estonsko $8--Trx--Eesti $x01 $9391237225 
244Z/01 $2Trx $#põhiseadused $#konstitucijos $#Constitutions $#alkotmányok $#konstytucja $#ústavy $#ústavy zákony $8--Trx--Verfassungen $x02 $9391357956 
244Z/01 $2Trx $8--Trx--Zeitschriftenaufsatz $x03 $9391384341 
245Z/01 $a07.01 $x01 
247C/01 $82080>Marburg/Lahn, Herder-Institut, Forschungsbibliothek, Bibliographieportal $9336309341
LEADER 00000caa a22000002c 4500
001 392879638
003 DE-603
005 20210427205202.0
007 tu
008 161111s19881993xx |||| | u00||u|est c
035 |a (DE-599)HEB392879638 
040 |a DE-603  |b ger  |c DE-603  |d DE-603 
041 |a est 
082 0 4 |8 1\u  |a 351.09  |q DE-101  |2 23/BSB 
084 |a 7,53  |a 9,10  |2 ssgn 
085 |8 1\u  |b 351.09 
085 |8 1\u  |z 2  |s 4798 
100 1 |a Ant, Jüri 
245 0 0 |a Asutav Kogu Eesti Vabariigi ajaloos 
264 0 |c 1988-1993 [1995] 
500 |a dt. Res. 65-66: Die Verfassungsgebende Versammlung in der Geschichte der Estnischen Republik. 1917-1920 
773 0 8 |i In  |a Õpetatud Eesti Selts  |t Õpetatud Eesti Seltsi aastaraamat  |d Tartu : Mattiesen, 1938-  |x 1406-8486  |g (1988), Seite 61-66  |w (DE-603)047885599  |w (DE-600)570191-0 
924 0 |9 2080  |a (DE-603)788989901  |b DE-2080  |c HES  |d d  |g /